LIBRARY & INFORMATION CENTRE, KCAET, TAVANUR

ONLINE PUBLIC ACCESS CATALOGUE (OPAC)

Our food / (Record no. 5952)

MARC details
000 -LEADER
fixed length control field 00696cam a2200289ua 4500
041 ## - LANGUAGE CODE
Language code of text/sound track or separate title eng
082 ## - DEWEY DECIMAL CLASSIFICATION NUMBER
Classification number 641.3
Item number SWA/OU
100 ## - MAIN ENTRY--AUTHOR NAME
Personal name Swaminathan , M S .
245 ## - TITLE STATEMENT
Title Our food /
260 ## - PUBLICATION, DISTRIBUTION, ETC. (IMPRINT)
Place of publication Madras :
Name of publisher Ganesh & Co (Madras) Private Ltd ,
Year of publication 1962.
300 ## - PHYSICAL DESCRIPTION
Number of Pages 93 ; .
700 1# - ADDED ENTRY--PERSONAL NAME
Personal name Bhagavan, R K .
700 1# - ADDED ENTRY--PERSONAL NAME
Personal name Subrahmaniyan, V .
942 ## - ADDED ENTRY ELEMENTS (KOHA)
Koha item type Books
Holdings
Withdrawn status Lost status Damaged status Home library Current library Date acquired Full call number Accession Number Koha item type Cost, normal purchase price
      KAUAET KAUAET 07/04/2012 641.3 2678 Books  
      KAUAET KAUAET 07/04/2012 641.3 2671 Books  
      KAUAET KAUAET 07/04/2012 641.3 2669 Books  
      KAUAET KAUAET 07/04/2012 641.3 2672 Books  
      KAUAET KAUAET 07/04/2012 641.3 2673 Books  
      KAUAET KAUAET 07/04/2012 641.3 2668 Books  
      KAUAET KAUAET 07/04/2012 641.3 2674 Books  
      KAUAET KAUAET 07/04/2012 641.3 2670 Books  
      KAUAET KAUAET 07/04/2012 641.3 2667 Books  
Withdrawn   Damaged KAUAET KAUAET 07/11/2019 641.3 SWA/OU 2676 Books 3.00
Withdrawn     KAUAET KAUAET 07/11/2019 641.3 SWA/OU 2675 Books 3.00
free website counter